Statistiques concernant Capitales du suédois au français

Cliquez ici pour prendre le quiz!

Statistiques générales

  • Ce quiz a été pris 82 fois
  • Le résultat moyen est 10 sur 12

Statistiques - réponses

En suèdoisEt en francais% Correct
BrysselBruxelles
99%
KairoLe Caire
99%
LissabonLisbonne
99%
KöpenhamnCopenhague
97%
MoskvaMoscou
97%
WienVienne
97%
WarszawaVarsovie
93%
AtenAthénes
90%
HelsingforsHelsinki
88%
TasjkentTachkent
70%
AsjchabadAchgabat
52%
KapstadenLe Cap
47%

Distribution des résultats

Percentile par nombre de réponses

% des personnes avec chaque résultat

Votre développement - résultats

Vous n’avez pas pris ce quiz